Anak Raja Istana Kaca

Bibliographic Details
Main Author: Abu Bakar Nordin
Other Authors: Fazrul Arhan Razali
Format: Book
Published: Kuala Lumpur : Dewan Bahasa Dan Pustaka , 1992
Series:Program Bacaan Awal (Bawal) Tahap 3
Subjects:

MARC

LEADER 00000cam a2200000 7i4500
001 0000009649
002 000010513
005 20000330.0
020 |a 9836223703 
090 0 0 |a JF   |b ABU 
100 1 |a Abu Bakar Nordin 
245 1 0 |a Anak Raja Istana Kaca   |c Abu Bakar Nordin ; illustrasi oleh Fazrul Arhan Razali 
260 |a Kuala Lumpur :   |b Dewan Bahasa Dan Pustaka ,   |c 1992 
300 |a 23p. :   |b ill. ;   |c 19cm. 
490 0 |a Program Bacaan Awal (Bawal) Tahap 3 
650 0 0 |a Children's stories, Malay 
700 1 |a Fazrul Arhan Razali 
999 |a 054239   |b BUKU   |c PINJAMAN   |e PERPUSTAKAAN KOMUNITI CAW KOTA DAMANSARA 
999 |a 054240   |b BUKU   |c PINJAMAN   |e PERPUSTAKAAN KOMUNITI PETALING JAYA